000 00434nab a2200145Ia 4500
003 ES-SlBCS
005 20210601125238.0
008 140529s1977 xxu||||| |||| 00| 0 eng d
041 _aeng
100 1 _aOaklander, L. Nathan
_9151622
245 0 4 _aThe Timelessness of Time
_c L. Nathan Oaklander
650 0 4 _aTiempo
_990216
773 0 _tPhilosophy and Phenomenological Research
_gvol. 38, 1977, págs. 228-233
_wRev1411
942 _cAR
999 _c527157
_d527157